00354nam a2200133Ia 4500008004100000100002100041245005200062250001200114260005000126300000900176650001300185942000700198999001500205190216s9999||||xx |||||||||||||| ||und|| aPrasanna Chandra 0aFinancial Manegement Theory And Practice 7ed a7th Ed. bTata Mcgraw Hill Publishing Company Ltdc2008 a1124 aCommerce cBK c8251d8251